000 00274nam a2200109 4500
008 160624b xxu||||| |||| 00| 0 eng d
100 _9916
_a Wells, H. G
245 _aThe Time Machine
260 _aN.Y
_b Fawcett Premier
_c1968
300 _aThe Time Machine
942 _2ddc
_cBK
999 _c728
_d728